000 00980cam a2200229 4500
001 WB3745-26
008 011127n2001 000 0 eng u
035 _a(Sirsi) u115762
245 _aInner cities pilot 'City growth strategy'
260 _c2001
490 _aDTI News Release
_vP/2001/656 25 November 2001, (3)
520 _aFour pilot projects have been launched by the Minister for Small Businesses, Nigel Griffiths, in order to aid inner city regeneration. Nottingham, Plymouth, St Helens and London have been selected to pilot a 'City growth' strategy and have their own business plan to help both new and existing businesses. The strategy is based on Professor Michael Porter's Initiative for a Competitive Inner City used in the US.
590 _aWB
650 _aURBAN REGENERATION
650 _aLONDON
650 _aPLYMOUTH
650 _aST HELENS
650 _aNOTTINGHAM
650 _aINNER CITY DEVELOPMENT
690 _aREGENERATION
942 _n0
999 _c68950
_d68950